Tone Poems & Incidental Music (Record n. 103592)
[ formato base ]
| 000 -LEADER | |
|---|---|
| fixed length control field | 00933njm a2200289Ia 4500 |
| 001 - CONTROL NUMBER | |
| control field | D6330 |
| 003 - CONTROL NUMBER IDENTIFIER | |
| control field | IT-RoPAU |
| 005 - DATE AND TIME OF LATEST TRANSACTION | |
| control field | 20220918181207.0 |
| 008 - FIXED-LENGTH DATA ELEMENTS--GENERAL INFORMATION | |
| fixed length control field | 131025s9999 xx 000 0 und d |
| 040 ## - CATALOGING SOURCE | |
| Original cataloging agency | IT-RoPAU |
| 040 ## - CATALOGING SOURCE | |
| Transcribing agency | IT-RoPAU |
| 999 ## - SYSTEM CONTROL NUMBERS (KOHA) | |
| Koha Dewey Subclass [OBSOLETE] | n.d. |
| 100 ## - MAIN ENTRY--PERSONAL NAME | |
| Personal name | Sibelius Jan |
| 9 (RLIN) | 10250 |
| 100 ## - MAIN ENTRY--PERSONAL NAME | |
| Relator term | Autore musica |
| 9 (RLIN) | 30938 |
| 100 ## - MAIN ENTRY--PERSONAL NAME | |
| Miscellaneous information | Codice autore musica SPICS: 8198 |
| 9 (RLIN) | 10252 |
| 245 ## - TITLE STATEMENT | |
| Title | Tone Poems & Incidental Music |
| 250 ## - EDITION STATEMENT | |
| Edition statement | 1a ed. |
| 260 ## - PUBLICATION, DISTRIBUTION, ETC. (IMPRINT) | |
| Place of publication, distribution, etc. | AUSTRIA |
| 260 ## - PUBLICATION, DISTRIBUTION, ETC. (IMPRINT) | |
| Name of publisher, distributor, etc. | TELARC |
| Date of publication, distribution, etc. | 1993 [1a Ed.:1993] |
| 300 ## - PHYSICAL DESCRIPTION | |
| Extent | COMPACT DISC |
| 300 ## - PHYSICAL DESCRIPTION | |
| Dimensions | 65 minuti (Testo: pag.) |
| 500 ## - GENERAL NOTE | |
| General note | Musica classica, sinfonica. |
| 505 ## - FORMATTED CONTENTS NOTE | |
| Formatted contents note | Karelia Suite op. 11 - En Saga op. 9 - Pohjola's Daughter, op. 49 - The Swan of Tuonela, op. 22 n. 3 - Finlandia op. 26 n. 7 |
| 511 ## - PARTICIPANT OR PERFORMER NOTE | |
| Participant or performer note | Atlanta Symphony Orchestra diretta da Levi Yoel |
| 650 ## - SUBJECT ADDED ENTRY--TOPICAL TERM | |
| Topical term or geographic name as entry element | SINFONICA [COMPACT DISC] |
| Relator term | Codice MATERIA SPICS: 9949 |
| 9 (RLIN) | 16800 |
| 942 ## - ADDED ENTRY ELEMENTS (KOHA) | |
| Koha item type | CD AUDIO |
| Source of classification or shelving scheme | Dewey Decimal Classification |
| Withdrawn status | Lost status | Damaged status | Not for loan | Home library | Current library | Date acquired | Total Checkouts | Full call number | Date last seen | Price effective from | Koha item type | Public note |
|---|---|---|---|---|---|---|---|---|---|---|---|---|
| Buone Condizioni | Not For Loan | SPICS-MEDIATECA | SPICS-MEDIATECA | 25/10/2013 | D6330 | 25/10/2013 | 25/10/2013 | CD AUDIO | Progr. Ins.: 1989 / N.Vol.: 1 / Copie: 1 - Copia rara: n.d. / date import: 01.01.2014 - By Epidotti, Trombetti, Vaglietti |